000 00525nam a22001577a 4500
003 OSt
005 20151104100800.0
008 151104b xxu||||| |||| 00| 0 eng d
040 _cRUA
082 _aFOR អ៊ូ 1994 B121 Or.3
100 _93320
_aអ៊ូ វណ្ណារ៉េត
245 _aសិក្សាពីតំបន់អភិរក្ស សត្វស្លាប នៅបឹងតាមោគ បាសិត
260 _aPhnom Penh
_bRUA
_c1994
300 _a60p.
_bill.
_c29cm.
942 _2ddc
_cFOR
999 _c3098
_d3098